Психологическая диагностика в органах внутренних дел (Запись № 10241340)

Подробности
000 -МАРКЕР
контрольное поле 01742nam0a2200313 i 4500
001 - ИДЕНТИФИКАТОР ЗАПИСИ
контрольное поле RU\NLR\BIBL_A\010820405
005 - ИДЕНТИФИКАТОР ВЕРСИИ
контрольное поле 20260406080405.0
010 ## - МЕЖДУНАРОДНЫЙ СТАНДАРТНЫЙ НОМЕР КНИГИ (ISBN)
Номер (ISBN) 9785955206981
Тираж 250
021 ## - НОМЕР ГОСУДАРСТВЕННОЙ РЕГИСТРАЦИИ
Код страны Российская Федерация
Номер 2015-50872
Номер Листа государственной регистраци 3011
035 ## - ДРУГИЕ СИСТЕМНЫЕ НОМЕРА
Идентификатор записи (NILC)RuMoRGB-007974200
035 ## - ДРУГИЕ СИСТЕМНЫЕ НОМЕРА
Идентификатор записи (NLR Aleph) 010820405
100 ## - ДАННЫЕ ОБЩЕЙ ОБРАБОТКИ
Данные общей обработки 20150817d2015 um y0rusy50 ca
101 0# - ЯЗЫК РЕСУРСА
Язык текста, звукозаписи и т.д. русский
102 ## - СТРАНА ПУБЛИКАЦИИ ИЛИ ПРОИЗВОДСТВА
Страна публикации Российская Федерация
105 ## - ПОЛЕ КОДИРОВАННЫХ ДАННЫХ: ТЕКСТОВЫЕ МАТЕРИАЛЫ, МОНОГРАФИЧЕСКИЕ
Кодированные данные о монографическом текстовом документе a|||z||||01yy
200 1# - ЗАГЛАВИЕ И СВЕДЕНИЯ ОБ ОТВЕТСТВЕННОСТИ
Основное заглавие Психологическая диагностика в органах внутренних дел
Сведения, относящиеся к заглавию учебное пособие
Первые сведения об ответственности В. Е. Петров
Последующие сведения об ответственности МВД России, Федеральное гос. казённое образовательное учреждение доп. проф. образования "Всероссийский ин-т повышения квалификации сотрудников МВД России"
210 ## - ПУБЛИКАЦИЯ, РАСПРОСТРАНЕНИЕ И ДР.
Место издания, распространения и т.д. Домодедово
Имя издателя, распространителя и т. д. ВИПК МВД России
Дата издания, распространения и т.д. 2015
215 ## - ФИЗИЧЕСКАЯ ХАРАКТЕРИСТИКА
Специфическое обозначение материала и объем 170 с.
Другие сведения о физической характеристике ил.
Размеры 21
300 ## - ОБЩИЕ ПРИМЕЧАНИЯ
Текст примечания В вып. дан. авт.: Петров В. Е., к. психол. н., доц.
320 ## - ПРИМЕЧАНИЯ О НАЛИЧИИ В ДОКУМЕНТЕ БИБЛИОГРАФИИ / УКАЗАТЕЛЯ
Текст примечания Библиогр.: с. 162-165 (68 назв.) и в подстроч. примеч.
606 1# - НАИМЕНОВАНИЕ ТЕМЫ КАК ПРЕДМЕТ
Наименование темы Органы внутренних дел
Формальный подзаголовок Учебные издания для высших учебных заведений
Тематический подзаголовок Кадры
-- Подбор
-- Психодиагностика
Системный номер авторитетной/нормативной записи 2441729
Идентификатор авторитетной/нормативной записи RU\NLR\AUTH\661452534
686 1# - ИНДЕКСЫ ДРУГИХ КЛАССИФИКАЦИЙ
Индекс Ю947.2в6я73
700 #1 - ИМЯ ЛИЦА - ПЕРВИЧНАЯ ОТВЕТСТВЕННОСТЬ
Графика поля Кириллица
Материалы, к которым относится поле rus
Начальный элемент ввода Петров
Часть имени, кроме начального элемента ввода В. Е.
Дополнения к именам, кроме дат канд. психол. наук
Расширение инициалов личного имени Владислав Евгеньевич
Системный номер авторитетной/нормативной записи 24775
Идентификатор авторитетной/нормативной записи RU\NLR\AUTH\7741827
801 #0 - ИСТОЧНИК ЗАПИСИ
Страна Российская Федерация
Организация РГБ
Дата составления 20150713
Правила каталогизации RCR
942 ## - ДОПОЛНИТЕЛЬНЫЕ ЭЛЕМЕНТЫ ЗАПИСИ (АБИС)
Тип экземпляра АБИС Книга
980 ## - КОЛЛЕКЦИЯ
Название коллекции НБР

Нет доступных экземпляров.